[Event "Magyar nõi bajnokság, selejtezõ"]
[Site "Budapest"]
[Date "2019.12.04"]
[Round "1.1"]
[White "Juhasz, Barbara"]
[Black "Terbe, Julianna"]
[Result "1/2-1/2"]
[WhiteElo "2210"]
[BlackElo "2277"]
[PlyCount "58"]
[EventDate "2019.12.04"]
[EventType "k.o."]
[EventRounds "4"]
[EventCountry "HUN"]

1. e4 e5 2. Nf3 Nc6 3. Bb5 a6 4. Ba4 b5 5. Bb3 Na5 6. O-O d6 7. d4 exd4 8. Nxd4
Bb7 9. c4 c5 10. Nf5 g6 11. Ne3 Bg7 12. Nc3 Nf6 13. cxb5 O-O 14. bxa6 Bxa6 15.
Re1 Re8 16. Ba4 Re7 17. Bc2 Rb8 18. Bd3 Bb7 19. f3 d5 20. exd5 Nxd5 21. Nexd5
Rxe1+ 22. Qxe1 Bxd5 23. Bf4 Rxb2 24. Nxd5 Qxd5 25. Qe8+ Bf8 26. Bh6 Qd4+ 27.
Kh1 Qd6 28. Bxf8 Qxf8 29. Qe5 Rd2 1/2-1/2

[Event "Magyar nõi bajnokság, selejtezõ"]
[Site "Budapest"]
[Date "2019.12.04"]
[Round "1.1"]
[White "Fuad Kamel Jamaliah, Natalie"]
[Black "Goczo, Melinda"]
[Result "0-1"]
[WhiteElo "2029"]
[BlackElo "2222"]
[PlyCount "58"]
[EventDate "2019.12.04"]
[EventType "k.o."]
[EventRounds "4"]
[EventCountry "HUN"]

1. d4 d6 2. Bf4 Nd7 3. e3 e5 4. dxe5 dxe5 5. Bg3 g6 6. Bc4 Bg7 7. c3 Qe7 8. h3
Nh6 9. e4 Nb6 10. Bb3 a5 11. Nd2 a4 12. Bc2 Bd7 13. Qe2 Qc5 14. a3 Bb5 15. Bd3
Bxd3 16. Qxd3 O-O 17. Ngf3 Rfd8 18. Qe2 f6 19. O-O Nf7 20. Rfd1 Nd6 21. Ne1 Qb5
22. Nd3 Rd7 23. Nf1 Rad8 24. f3 Nf7 25. c4 Qxc4 26. Ne3 Qa6 27. Nd5 Nxd5 28.
exd5 Rxd5 29. Kf1 Rxd3 0-1

[Event "Magyar nõi bajnokság, selejtezõ"]
[Site "Budapest"]
[Date "2019.12.04"]
[Round "1.1"]
[White "Demeter, Dorina"]
[Black "Gal, Hanna Krisztina"]
[Result "1/2-1/2"]
[WhiteElo "2063"]
[BlackElo "2174"]
[PlyCount "83"]
[EventDate "2019.12.04"]
[EventType "k.o."]
[EventRounds "4"]
[EventCountry "HUN"]

1. Nf3 Nf6 2. c4 g6 3. Nc3 Bg7 4. e4 d6 5. d4 O-O 6. h3 e5 7. dxe5 dxe5 8. Qxd8
Rxd8 9. Bg5 Na6 10. Nd5 Rd6 11. Bxf6 Bxf6 12. Rc1 b6 13. c5 Nxc5 14. Nxc7 Rb8
15. Ne8 Re6 16. Nxf6+ Rxf6 17. Nd2 Bb7 18. f3 Rc6 19. Rc3 Ne6 20. Rxc6 Bxc6 21.
Bc4 Nd4 22. Nb3 Rd8 23. O-O b5 24. Nxd4 Rxd4 25. Bb3 a5 26. Rc1 Bd7 27. Rd1
Rxd1+ 28. Bxd1 g5 29. a3 b4 30. axb4 axb4 31. g3 f6 32. Kf2 Kf7 33. h4 Ke6 34.
Ke3 Kd6 35. f4 h6 36. hxg5 hxg5 37. fxg5 fxg5 38. Bb3 Kc5 39. Bd5 Bc8 40. b3
Bd7 41. Bc4 Bc8 42. Kd3 1/2-1/2

[Event "Magyar nõi bajnokság, selejtezõ"]
[Site "Budapest"]
[Date "2019.12.05"]
[Round "1.2"]
[White "Goczo, Melinda"]
[Black "Fuad Kamel Jamaliah, Natalie"]
[Result "1-0"]
[WhiteElo "2222"]
[BlackElo "2029"]
[PlyCount "64"]
[EventDate "2019.12.04"]
[EventType "k.o."]
[EventRounds "4"]
[EventCountry "HUN"]

1. d4 d5 2. c4 e6 3. Nf3 Nf6 4. g3 c6 5. Bg2 Nbd7 6. O-O dxc4 7. a4 b6 8. Qc2
Ba6 9. Rd1 Rc8 10. e4 Bb4 11. h3 h6 12. g4 Qc7 13. Kh1 Rd8 14. Be3 Be7 15. Nc3
Bb7 16. Qe2 Ba6 17. Qc2 g5 18. Re1 h5 19. e5 hxg4 20. Nxg5 gxh3 21. Bf3 Nh5 22.
Nxe6 Qb7 23. Bxh5 c5+ 24. d5 Nxe5 25. Qe4 Nd3 26. Rg1 Rd6 27. Ng7+ Kf8 28. Bf3
Rh4 29. Rg4 Rh8 30. Nf5 Rf6 31. d6 Qxe4 32. Bxe4 Bxd6 $138 1-0

[Event "Magyar nõi bajnokság, selejtezõ"]
[Site "Budapest"]
[Date "2019.12.05"]
[Round "1.2"]
[White "Gal, Hanna Krisztina"]
[Black "Demeter, Dorina"]
[Result "1-0"]
[WhiteElo "2174"]
[BlackElo "2063"]
[PlyCount "145"]
[EventDate "2019.12.04"]
[EventType "k.o."]
[EventRounds "4"]
[EventCountry "HUN"]

1. e4 e5 2. Nf3 Nc6 3. Bb5 a6 4. Ba4 Nf6 5. O-O Be7 6. Re1 b5 7. Bb3 d6 8. c3
O-O 9. h3 Re8 10. d4 Bb7 11. Nbd2 Bf8 12. a3 h6 13. Bc2 g6 14. b3 Bg7 15. Bb2
Qe7 16. Bd3 Nb8 17. a4 exd4 18. cxd4 c6 19. Qc2 Nh5 20. Bf1 Nd7 21. d5 Rac8 22.
Bxg7 Nxg7 23. Qb2 Qf6 24. Qxf6 Nxf6 25. dxc6 Bxc6 26. axb5 axb5 27. Nd4 Re5 28.
Rac1 Bd7 29. Rxc8+ Bxc8 30. Nxb5 d5 31. Nd6 Bd7 32. Nf3 Re7 33. e5 Nfe8 34. Rd1
Be6 35. Nxe8 Rxe8 36. b4 Nf5 37. b5 Rb8 38. Rc1 Rb6 39. g4 Ne7 40. Nd4 Kf8 41.
Ra1 Ke8 42. Ra6 Nc8 43. f4 Bd7 44. Ra8 Kd8 45. f5 gxf5 46. gxf5 Kc7 47. Ra6
Rxa6 48. bxa6 Ne7 49. Bd3 Kb6 50. e6 Be8 51. f6 Ng8 52. Bb5 fxe6 53. Bxe8 Nxf6
54. Bb5 e5 55. Nf5 Ne4 56. Bf1 d4 57. Nxh6 Ng5 58. Kg2 e4 59. h4 Nf3 60. h5 d3
61. Nf5 Ng5 62. Kg3 Kxa6 63. Kf4 Nh7 64. h6 Kb6 65. Kxe4 d2 66. Ne3 Kc6 67. Kf5
Kd6 68. Kg6 Nf8+ 69. Kf7 Ne6 70. Kf6 Nf4 71. h7 Nd5+ 72. Kf7 Nxe3 73. Be2 1-0

[Event "Magyar nõi bajnokság, selejtezõ"]
[Site "Budapest"]
[Date "2019.12.05"]
[Round "1.3"]
[White "Juhasz, Barbara"]
[Black "Terbe, Julianna"]
[Result "1-0"]
[WhiteElo "2210"]
[BlackElo "2277"]
[PlyCount "99"]
[EventDate "2019.12.04"]
[EventType "k.o."]
[EventRounds "4"]
[EventCountry "HUN"]

{15'+5"} 1. e4 c5 2. Nf3 Nc6 3. Nc3 Nf6 4. Bb5 Qc7 5. O-O Nd4 6. Ba4 e6 7. Re1
Ng4 8. g3 Nxf3+ 9. Qxf3 Ne5 10. Qe2 a6 11. f4 Nc6 12. Bxc6 Qxc6 13. f5 b5 14.
d3 Bb7 15. fxe6 dxe6 16. Rf1 Bd6 17. Bf4 Be7 18. Be3 f6 19. Qh5+ g6 20. Qh6
O-O-O 21. Qg7 Qd7 22. Ne2 g5 23. Qh6 Rdg8 24. Rad1 Rg6 25. Qh5 Qc6 26. g4 Bd8
27. Qh3 Bc7 28. Ng3 Bxg3 29. hxg3 Kb8 30. Rf2 e5 31. Qg2 h5 32. gxh5 Rxh5 33.
Qf3 Rgh6 34. Kf1 Bc8 35. Ke2 Rh2 36. Kd2 Rxf2+ 37. Qxf2 Bg4 38. Rf1 c4 39. b4
c3+ 40. Kc1 Qe6 41. Kb1 Bh5 42. d4 exd4 43. Bxd4 Bf7 44. Bxc3 Qxa2+ 45. Kc1 Qe6
46. Qc5 Kb7 47. Rd1 Be8 48. Rd6 Qxe4 49. Qb6+ Kc8 50. Rd8# 1-0

[Event "Magyar nõi bajnokság, selejtezõ"]
[Site "Budapest"]
[Date "2019.12.05"]
[Round "1.4"]
[White "Terbe, Julianna"]
[Black "Juhasz, Barbara"]
[Result "1-0"]
[WhiteElo "2277"]
[BlackElo "2210"]
[PlyCount "71"]
[EventDate "2019.12.04"]
[EventType "k.o."]
[EventRounds "4"]
[EventCountry "HUN"]

{15'+5"} 1. e4 c5 2. Nf3 Nc6 3. Bb5 g6 4. Bxc6 dxc6 5. d3 Bg7 6. h3 Nf6 7. Nc3
O-O 8. O-O Ne8 9. Be3 b6 10. Qd2 e5 11. Nh2 Nc7 12. f4 exf4 13. Bxf4 Ne6 14.
Bh6 Nd4 15. Rf2 Bxh6 16. Qxh6 Qe7 17. g4 f6 18. Raf1 Bd7 19. Nf3 Nxf3+ 20. Rxf3
Qe5 21. Qh4 Kg7 22. Nd1 Rae8 23. c3 Be6 24. Ne3 Rd8 25. Ng2 a5 26. a3 a4 27.
Nf4 Bg8 28. Qf2 Rd6 29. h4 Rfd8 30. Qg3 Qe7 31. g5 fxg5 32. hxg5 R6d7 33. Qh4
Be6 34. Qh6+ Kg8 35. Nxe6 Qxe6 36. Rf8+ 1-0

[Event "Magyar nõi bajnokság, selejtezõ"]
[Site "Budapest"]
[Date "2019.12.05"]
[Round "1.5"]
[White "Juhasz, Barbara"]
[Black "Terbe, Julianna"]
[Result "1-0"]
[WhiteElo "2210"]
[BlackElo "2277"]
[PlyCount "55"]
[EventDate "2019.12.04"]
[EventType "k.o."]
[EventRounds "4"]
[EventCountry "HUN"]

{3'+2"} 1. e4 c5 2. Nf3 Nc6 3. Nc3 g6 4. d4 cxd4 5. Nxd4 Bg7 6. Be3 Nf6 7. Bc4
d6 8. f3 Qb6 9. Nf5 Qxb2 10. Nxg7+ Kf8 11. Nd5 Kxg7 12. O-O Qa3 13. Qd2 h6 14.
Nxf6 exf6 15. Rab1 Ne5 16. Bd5 Qa4 17. Rb4 Qd7 18. Rfb1 Nc6 19. R4b3 Nd8 20.
Rd3 a6 21. Bb3 Nc6 22. Rxd6 Qe7 23. Rd1 Rb8 24. Bb6 Be6 25. Bxe6 Ne5 26. Bb3
Rhc8 27. Bd8 Qe8 28. Bxf6+ 1-0

[Event "Magyar nõi bajnokság, selejtezõ"]
[Site "Budapest"]
[Date "2019.12.05"]
[Round "1.6"]
[White "Terbe, Julianna"]
[Black "Juhasz, Barbara"]
[Result "1-0"]
[WhiteElo "2277"]
[BlackElo "2210"]
[PlyCount "71"]
[EventDate "2019.12.04"]
[EventType "k.o."]
[EventRounds "4"]
[EventCountry "HUN"]

{3'+2"} 1. e4 c5 2. Nf3 Nc6 3. Bb5 g6 4. Bxc6 dxc6 5. d3 Bg7 6. h3 Nf6 7. Nc3
O-O 8. O-O Ne8 9. Be3 b6 10. Qd2 e5 11. Nh2 Nc7 12. f4 exf4 13. Bxf4 Ne6 14.
Bh6 Nd4 15. Rf2 Bxh6 16. Qxh6 Qe7 17. g4 f6 18. Raf1 Bd7 19. Nf3 Nxf3+ 20. Rxf3
Qe5 21. Qh4 Kg7 22. Nd1 Rae8 23. c3 Be6 24. a3 Rf7 25. Ne3 Ref8 26. Ng2 c4 27.
d4 Qg5 28. Qg3 c5 29. Qd6 Bc8 30. Nf4 h5 31. Rg3 hxg4 32. hxg4 cxd4 33. cxd4
Rb7 34. Qc6 Rbf7 35. Qxc4 Bb7 36. Ne6+ 1-0

[Event "Magyar nõi bajnokság, selejtezõ"]
[Site "Budapest"]
[Date "2019.12.05"]
[Round "1.7"]
[White "Terbe, Julianna"]
[Black "Juhasz, Barbara"]
[Result "0-1"]
[WhiteElo "2277"]
[BlackElo "2210"]
[PlyCount "130"]
[EventDate "2019.12.04"]
[EventType "k.o."]
[EventRounds "4"]
[EventCountry "HUN"]

{5'-4' armageddon} 1. e4 c5 2. Nf3 Nc6 3. Bb5 g6 4. Bxc6 dxc6 5. d3 Bg7 6. h3
Nf6 7. Nc3 O-O 8. O-O Ne8 9. Be3 b6 10. Qd2 e5 11. Nh2 Nc7 12. f4 exf4 13. Bxf4
Ne6 14. Bh6 Nd4 15. Rf2 Bxh6 16. Qxh6 Qe7 17. g4 f6 18. Raf1 Bd7 19. Nf3 Nxf3+
20. Rxf3 Qe5 21. Qh4 Kg7 22. Nd1 Rae8 23. c3 Be6 24. a3 c4 25. Nf2 cxd3 26.
Rxd3 Bc4 27. Rd7+ Re7 28. Rfd1 Rfe8 29. Rxe7+ Rxe7 30. Rd4 b5 31. a4 a6 32. Kg2
c5 33. Rd2 bxa4 34. Rd8 Bb5 35. Rc8 a3 36. bxa3 Qxc3 37. g5 fxg5 38. Qxg5 Qe5
39. Qe3 c4 40. Rc5 Qf6 41. e5 Bc6+ 42. Kg3 Qe6 43. Ng4 Rd7 44. Qh6+ Kf7 45.
Qxh7+ Kf8 46. Qh8+ Kf7 47. Nh6+ Ke7 48. Ng8+ Kf7 49. Nh6+ Ke7 50. Qg7+ Kd8 51.
Qf8+ Kc7 52. Ng4 Rd3+ 53. Kh4 Rf3 54. Qg7+ Rf7 55. Qh6 Qe7+ 56. Qg5 Qxc5 57.
Nf6 Qf2+ 58. Kg4 Qf3+ 59. Kh4 Rf8 60. Qxg6 Rh8+ 61. Nh5 Rxh5+ 62. Qxh5 Qf4+ 63.
Qg4 Qxe5 64. Qd1 Qf4+ 65. Kh5 Bf3+ 0-1

[Event "Magyar nõi bajnokság, döntõ"]
[Site "Budapest"]
[Date "2019.12.12"]
[Round "1.1"]
[White "Gal, Hanna Krisztina"]
[Black "Gara, Anita"]
[Result "1/2-1/2"]
[WhiteElo "2174"]
[BlackElo "2350"]
[PlyCount "74"]
[EventDate "2019.12.12"]
[EventType "k.o."]
[EventRounds "4"]
[EventCountry "HUN"]

1. e4 c5 2. Nf3 d6 3. Bb5+ Nd7 4. O-O a6 5. Bxd7+ Bxd7 6. d4 cxd4 7. Qxd4 e5 8.
Qd3 Rc8 9. Nc3 Be6 10. Nd5 Bxd5 11. Qxd5 Qc7 12. c3 Nf6 13. Qd3 Qc4 14. Qxc4
Rxc4 15. Nd2 Rc6 16. Re1 Be7 17. Nb3 h6 18. Bd2 Bd8 19. Rad1 Ke7 20. Na1 Bb6
21. Be3 Bxe3 22. Rxe3 Rb6 23. b3 a5 24. Nc2 a4 25. b4 Rc8 26. Na3 Ke6 27. Rde1
Nd7 28. Rd1 Nf6 29. Rde1 Rbc6 30. Nb5 Rd8 31. f4 Ke7 32. f5 Nd7 33. Rd3 Nb6 34.
Red1 Nc4 35. Rg3 Kf6 36. h3 Rd7 37. Rd5 Nb6 1/2-1/2

[Event "Magyar nõi bajnokság, döntõ"]
[Site "Budapest"]
[Date "2019.12.12"]
[Round "1.1"]
[White "Goczo, Melinda"]
[Black "Lazarne Vajda, Szidonia"]
[Result "0-1"]
[WhiteElo "2222"]
[BlackElo "2333"]
[PlyCount "84"]
[EventDate "2019.12.12"]
[EventType "k.o."]
[EventRounds "4"]
[EventCountry "HUN"]

1. Nf3 Nf6 2. g3 g6 3. Bg2 Bg7 4. O-O O-O 5. d3 d6 6. e4 e5 7. h3 h6 8. Nh2 d5
9. Qe2 c6 10. c3 Re8 11. Qc2 Nbd7 12. Be3 Nf8 13. a4 Be6 14. Qc1 Kh7 15. Na3
Qd7 16. g4 g5 17. h4 Nxg4 18. Nxg4 Bxg4 19. hxg5 hxg5 20. Bxg5 Ng6 21. f3 Bh3
22. Kf2 Bxg2 23. Kxg2 Rh8 24. Rh1+ Kg8 25. Rxh8+ Bxh8 26. Qe3 f6 27. Bh6 Kf7
28. Rh1 Rg8 29. Kf2 b6 30. b4 Bg7 31. Bxg7 Rxg7 32. d4 Nf4 33. Rh2 Qe6 34. b5
dxe4 35. c4 Qd6 36. Nc2 Nd3+ 37. Ke2 exd4 38. Qxe4 Nc5 39. Qh4 d3+ 40. Kf1 dxc2
41. Qh5+ Ke7 42. Re2+ Ne6 0-1

[Event "Magyar nõi bajnokság, döntõ"]
[Site "Budapest"]
[Date "2019.12.20"]
[Round "3.2"]
[White "Gara, Ticia"]
[Black "Lazarne Vajda, Szidonia"]
[Result "1/2-1/2"]
[WhiteElo "2339"]
[BlackElo "2333"]
[PlyCount "52"]
[EventDate "2019.12.12"]
[EventType "k.o."]
[EventRounds "4"]
[EventCountry "HUN"]

1. e4 e5 2. Nf3 Nc6 3. Bc4 Bc5 4. O-O Nf6 5. d3 O-O 6. c3 d6 7. h3 a6 8. Re1
Ba7 9. a4 Ne7 10. Nbd2 Ng6 11. Nf1 c6 12. Ng3 d5 13. Bb3 h6 14. exd5 Nxd5 15.
d4 exd4 16. Nxd4 Bb8 17. Bc2 Bf4 18. Qf3 Nh4 19. Qd3 g6 20. Nde2 Bxc1 21. Raxc1
Qg5 22. c4 Nb4 23. Qe3 Qxe3 24. fxe3 Nxc2 25. Rxc2 Nf5 26. Kf2 Be6 1/2-1/2

[Event "Magyar nõi bajnokság, döntõ"]
[Site "Budapest"]
[Date "2019.12.20"]
[Round "3.1"]
[White "Papp, Petra"]
[Black "Gara, Anita"]
[Result "1-0"]
[WhiteElo "2339"]
[BlackElo "2350"]
[PlyCount "95"]
[EventDate "2019.12.12"]
[EventType "k.o."]
[EventRounds "4"]
[EventCountry "HUN"]

{15'+5"} 1. d4 d6 2. c4 e5 3. Nc3 exd4 4. Qxd4 Nc6 5. Qd2 Nf6 6. b3 a5 7. Bb2
Be7 8. g3 O-O 9. Bg2 Be6 10. Nh3 a4 11. Nf4 a3 12. Bc1 Nd7 13. O-O Nc5 14. Nxe6
fxe6 15. Nb5 Na5 16. Qc2 Na6 17. Bxa3 c5 18. Rad1 Nc6 19. Qe4 e5 20. Bc1 Nc7
21. a4 Rb8 22. e3 Kh8 23. Rd2 Ne6 24. Rfd1 Ng5 25. Qg4 Nf7 26. Be4 Nh6 27. Qh5
Rf6 28. Bb2 Qf8 29. Nc7 Rd8 30. Nd5 Rf7 31. Nxe7 Qxe7 32. Bxc6 bxc6 33. Bxe5
Rf5 34. Qxh6 Rxe5 35. Qh3 Re6 36. Qg2 Qb7 37. Rd3 h6 38. Qf3 Rf6 39. Qe2 Rdf8
40. f4 Qe7 41. Qd2 Qe4 42. a5 g5 43. Qg2 Qe8 44. a6 gxf4 45. exf4 Qb8 46. Qd2
Qa7 47. Rxd6 Rxd6 48. Qxd6 1-0

[Event "Magyar nõi bajnokság, döntõ"]
[Site "Budapest"]
[Date "2019.12.20"]
[Round "3.2"]
[White "Gara, Anita"]
[Black "Papp, Petra"]
[Result "1-0"]
[WhiteElo "2350"]
[BlackElo "2339"]
[PlyCount "55"]
[EventDate "2019.12.12"]
[EventType "k.o."]
[EventRounds "4"]
[EventCountry "HUN"]

{15'+5"} 1. e4 c5 2. Nf3 Nc6 3. Bb5 g6 4. Bxc6 dxc6 5. d3 Bg7 6. O-O e5 7. Nc3
Ne7 8. h3 Qc7 9. Be3 b6 10. Qd2 h6 11. a4 a5 12. Nh2 f5 13. f4 Be6 14. Rae1
O-O-O 15. Nf3 g5 16. exf5 Nxf5 17. fxg5 Ng3 18. Rf2 e4 19. Bf4 Qd7 20. Ne5 Qd4
21. Nxc6 Qd7 22. Nxd8 Bxh3 23. Bxg3 Rxd8 24. Nxe4 Qg4 25. gxh3 Qxh3 26. Rh2
Bd4+ 27. Kh1 Qg4 28. Qg2 1-0

[Event "Magyar nõi bajnokság, döntõ"]
[Site "Budapest"]
[Date "2019.12.20"]
[Round "3.3"]
[White "Papp, Petra"]
[Black "Gara, Anita"]
[Result "0-1"]
[WhiteElo "2339"]
[BlackElo "2350"]
[PlyCount "96"]
[EventDate "2019.12.12"]
[EventType "k.o."]
[EventRounds "4"]
[EventCountry "HUN"]

{15'+5"} 1. e4 c5 2. Nf3 d6 3. d4 cxd4 4. Nxd4 Nf6 5. Nc3 Nc6 6. Bg5 e6 7. Qd3
a6 8. O-O-O Bd7 9. Nxc6 Bxc6 10. Qg3 Qa5 11. Bxf6 gxf6 12. Kb1 O-O-O 13. Bc4 h5
14. Bb3 h4 15. Qf4 Qe5 16. Qe3 Bh6 17. Qe2 Rhg8 18. g3 f5 19. Qh5 Qf6 20. Rhe1
f4 21. Qf3 Qe5 22. g4 Bg7 23. h3 Kb8 24. Qd3 Rd7 25. Rd2 Rc8 26. Nd1 d5 27. Qc3
d4 28. Qf3 f5 29. gxf5 exf5 30. Qh5 Bxe4 31. Rg1 d3 32. c3 Bf6 33. Bf7 Rdc7 34.
f3 Bxf3 35. Qxf3 Rxf7 36. Qxd3 Rd8 37. Qc2 Rfd7 38. Rxd7 Rxd7 39. a3 Qd5 40.
Qf2 Qd3+ 41. Ka1 Qd2 42. Qc5 Qd5 43. Qf8+ Bd8 44. Nf2 f3 45. Rg8 Ka7 46. Qe8
Re7 47. Qxd8 Re1+ 48. Nd1 Rxd1# 0-1

[Event "Magyar nõi bajnokság, döntõ"]
[Site "Budapest"]
[Date "2019.12.20"]
[Round "3.4"]
[White "Gara, Anita"]
[Black "Papp, Petra"]
[Result "0-1"]
[WhiteElo "2350"]
[BlackElo "2339"]
[PlyCount "100"]
[EventDate "2019.12.12"]
[EventType "k.o."]
[EventRounds "4"]
[EventCountry "HUN"]

{15'+5"} 1. e4 c5 2. Nf3 Nc6 3. Bb5 g6 4. Bxc6 dxc6 5. d3 Bg7 6. O-O e5 7. Be3
b6 8. h3 Ne7 9. Qd2 h6 10. Nc3 f5 11. exf5 gxf5 12. Qe2 Ng6 13. Nxe5 Bxe5 14.
Bf4 O-O 15. Bxe5 f4 16. Qh5 Kh7 17. Ne4 Rf5 18. Nf6+ Qxf6 19. Bxf6 Rxh5 20.
Rae1 Rf5 21. Bc3 Bd7 22. Re4 Rff8 23. h4 h5 24. Rfe1 Rae8 25. g3 Rxe4 26. Rxe4
fxg3 27. fxg3 Re8 28. Rxe8 Bxe8 29. Kf2 Kg8 30. Ke3 Kf7 31. a4 Ke6 32. b3 Kf5
33. Bg7 Bf7 34. Bh6 Kg4 35. Kf2 Bd5 36. Bg7 Bf3 37. a5 Bd1 38. axb6 axb6 39.
Bf6 Nf8 40. Bd8 Nd7 41. c3 Bxb3 42. Bc7 Bd5 43. Bd6 c4 44. dxc4 Bxc4 45. Ke3 b5
46. Be7 Kxg3 47. Kd4 Bd5 48. Bg5 Nf8 49. Ke5 Ng6+ 50. Kd4 Nxh4 0-1

[Event "Magyar nõi bajnokság, döntõ"]
[Site "Budapest"]
[Date "2019.12.20"]
[Round "3.5"]
[White "Papp, Petra"]
[Black "Gara, Anita"]
[Result "1-0"]
[WhiteElo "2339"]
[BlackElo "2350"]
[PlyCount "107"]
[EventDate "2019.12.12"]
[EventType "k.o."]
[EventRounds "4"]
[EventCountry "HUN"]

{3'+2"} 1. d4 d6 2. e4 Nf6 3. Nc3 e5 4. Nf3 Nbd7 5. Bc4 exd4 6. Qxd4 Be7 7. O-O
O-O 8. a4 Nb6 9. Ba2 a5 10. h3 h6 11. Bf4 Be6 12. Bxe6 fxe6 13. e5 Nfd5 14.
Nxd5 Nxd5 15. Bg3 dxe5 16. Qxe5 Ra6 17. Rad1 Bf6 18. Qe4 Qe7 19. c4 Nb4 20. b3
Nc6 21. Rfe1 Re8 22. Re3 Raa8 23. Ne5 Nxe5 24. Bxe5 Bxe5 25. Qxe5 b6 26. Red3
Rad8 27. Rxd8 Rxd8 28. Rxd8+ Qxd8 29. Qxe6+ Kh8 30. Qe3 Qd6 31. g3 Qc6 32. Qd4
Qe8 33. Kg2 Qe7 34. h4 Qf7 35. Qd5 Qe7 36. h5 Qf6 37. c5 bxc5 38. Qxc5 Qb2 39.
Qxc7 Qxb3 40. Qxa5 Qb7+ 41. Kh2 Qb2 42. Qc5 Qa2 43. a5 Qa4 44. Qf5 Qa3 45. Qc8+
Kh7 46. a6 Qa2 47. Qf5+ Kh8 48. Qd3 Qxf2+ 49. Kh3 Qf6 50. a7 Qe6+ 51. g4 Qa2
52. Qd8+ Kh7 53. a8=Q Qb3+ 54. Kh4 1-0

[Event "Magyar nõi bajnokság, döntõ"]
[Site "Budapest"]
[Date "2019.12.20"]
[Round "3.6"]
[White "Gara, Anita"]
[Black "Papp, Petra"]
[Result "0-1"]
[WhiteElo "2350"]
[BlackElo "2339"]
[PlyCount "125"]
[EventDate "2019.12.12"]
[EventType "k.o."]
[EventRounds "4"]
[EventCountry "HUN"]

{3'+2"} 1. e4 e5 2. Nf3 Nc6 3. Nc3 Nf6 4. Bb5 Bd6 5. d3 h6 6. g4 a6 7. Bxc6
dxc6 8. h3 Be6 9. Be3 c5 10. Qe2 Qe7 11. O-O-O O-O-O 12. g5 hxg5 13. Nxg5 Kb8
14. Rdg1 Bc8 15. h4 g6 16. Nf3 Qe6 17. Rg5 Nh7 18. Rg3 Nf6 19. Ng5 Qe7 20. Rgg1
c6 21. f3 Bc7 22. Qf2 b6 23. Qf1 Nh5 24. Nh3 Nf4 25. Nxf4 exf4 26. Bf2 Be5 27.
Ne2 Be6 28. Kb1 Qf6 29. Qc1 Rh7 30. Rd1 Rhh8 31. c3 Bc7 32. d4 Bc4 33. Rhe1
cxd4 34. Bxd4 Be5 35. Bxb6 Rd3 36. Ka1 Rxf3 37. Bc5 Rd8 38. Nd4 Bxd4 39. cxd4
Bd3 40. Qc3 Bxe4 41. Qb4+ Kc8 42. Rxe4 Qf5 43. Ree1 Qd7 44. a3 Rf2 45. Bb6 Rh8
46. Rc1 f3 47. Qa4 Kb7 48. Bc5 Re2 49. Rf1 f2 50. Qb4+ Kc8 51. Bb6 Rhe8 52. Ba5
Qe6 53. Qb6 Re1 54. Qxc6+ Qxc6 55. Bxe1 Rxe1 56. Rfxe1 fxe1=Q 57. Rxe1 Qd5 58.
Rd1 Qe4 59. Ka2 Qxh4 60. d5 Qc4+ 61. Kb1 Kd7 62. d6 f5 63. Re1 0-1

[Event "Magyar nõi bajnokság, döntõ"]
[Site "Budapest"]
[Date "2019.12.21"]
[Round "3.3"]
[White "Lazarne Vajda, Szidonia"]
[Black "Gara, Ticia"]
[Result "1/2-1/2"]
[WhiteElo "2333"]
[BlackElo "2339"]
[PlyCount "38"]
[EventDate "2019.12.12"]
[EventType "k.o."]
[EventRounds "4"]
[EventCountry "HUN"]

1. d4 Nf6 2. c4 e6 3. g3 d5 4. Nf3 Be7 5. Bg2 O-O 6. O-O dxc4 7. Ne5 Nc6 8.
Bxc6 bxc6 9. Nxc6 Qe8 10. Nxe7+ Qxe7 11. Qa4 c5 12. Qxc4 cxd4 13. Qxd4 e5 14.
Qh4 Qb7 15. Nc3 Be6 16. Bg5 Nd5 17. Nxd5 Bxd5 18. b4 a5 19. a3 Qb5 1/2-1/2

[Event "Magyar nõi bajnokság, döntõ"]
[Site "Budapest"]
[Date "2019.12.22"]
[Round "3.5"]
[White "Gara, Ticia"]
[Black "Lazarne Vajda, Szidonia"]
[Result "1/2-1/2"]
[WhiteElo "2339"]
[BlackElo "2333"]
[PlyCount "100"]
[EventDate "2019.12.12"]
[EventType "k.o."]
[EventRounds "4"]
[EventCountry "HUN"]

{15'+5"} 1. Nf3 Nf6 2. g3 g6 3. b3 Bg7 4. Bb2 d6 5. d4 b6 6. Bg2 Bb7 7. O-O O-O
8. c4 Nbd7 9. Nc3 Ne4 10. Qc2 Nxc3 11. Bxc3 e6 12. e4 e5 13. d5 a5 14. a3 f5
15. exf5 Rxf5 16. Nd2 Rf8 17. b4 axb4 18. axb4 b5 19. Rxa8 Qxa8 20. Ra1 Qb8 21.
c5 Nf6 22. Qa2 Bh6 23. c6 Bc8 24. Qa7 Bf5 25. Qxb8 Rxb8 26. Ra7 Bxd2 27. Bxd2
Ne8 28. f4 exf4 29. Bxf4 Bd3 30. Bh3 Bc4 31. Be6+ Kg7 32. Kf2 Kf6 33. h4 Ng7
34. Rxc7 Nxe6 35. dxe6 Bxe6 36. Bxd6 Rc8 37. Rxh7 Rxc6 38. Bc5 Bc4 39. g4 Ra6
40. Ke3 Ra3+ 41. Kf4 Ra2 42. g5+ Ke6 43. Re7+ Kd5 44. Rd7+ Ke6 45. Rd6+ Kf7 46.
Rf6+ Kg7 47. Bd4 Kh7 48. Rb6 Ra7 49. Rxg6 Kxg6 50. Bxa7 Be2 1/2-1/2

[Event "Magyar nõi bajnokság, döntõ"]
[Site "Budapest"]
[Date "2019.12.22"]
[Round "3.6"]
[White "Lazarne Vajda, Szidonia"]
[Black "Gara, Ticia"]
[Result "1/2-1/2"]
[WhiteElo "2333"]
[BlackElo "2339"]
[PlyCount "36"]
[EventDate "2019.12.12"]
[EventType "k.o."]
[EventRounds "4"]
[EventCountry "HUN"]

{15'+5"} 1. d4 Nf6 2. Nf3 g6 3. g3 Bg7 4. Bg2 d5 5. c4 c6 6. O-O O-O 7. Nbd2
Bf5 8. b3 Ne4 9. Bb2 Qa5 10. h3 h5 11. Nxe4 Bxe4 12. Ne5 Bxg2 13. Kxg2 Rd8 14.
Qc2 Nd7 15. Nxd7 Rxd7 16. Bc3 Qd8 17. e3 e6 18. a4 h4 1/2-1/2